000 00852nmm a2200265 a 4500
001 ocm000924406
003 TR-IsHL
005 20201028145003.0
008 141121s2008 tu tur
007 cr cn
020 _a9789758915132
035 _a924406
_b(N$T)
050 0 4 _aPL248.C67
_bİ44 2008
090 0 4 _aPL248.C67
_bİ44 2008
100 1 _aCoşkun, Osman
245 1 0 _aİkinci ergenekon: Kurtuluş Savaşı başlarken
_h[electronic resource] /
_cOsman Coşkun
260 _aİstanbul :
_bGiTa Yayınları,
_c2008
300 _a256 p.
650 4 _aDil ve Edebiyat
650 4 _aLanguage and Literature
650 0 _aTürk romanı
650 0 _aTurkish fiction
650 7 _aLITERARY COLLECTIONS / Middle Eastern
_2bisacsh
856 4 0 _uhttp://search.ebscohost.com/login.aspx?direct=true&scope=site&db=e011xww&AN=924406
999 _c9721
_d9721